| 000 | 00766nam a22002057a 4500 | ||
|---|---|---|---|
| 999 |
_c19844 _d19844 |
||
| 003 | AR-CdUCM | ||
| 008 | 190226b ||||| |||| 00| 0 spa d | ||
| 040 |
_aMUNICIPALIDAD PROVINCIAL DEL CUSCO _cBIBLIOTECA MUNICIPAL DEL CUSCO |
||
| 082 |
_a346.03 / _bF17 |
||
| 100 |
_aFajardo, J. V. _930164 |
||
| 245 |
_aCódigo civil : _bComentarios, concordancias, jurisprudencia y exposición de motivos / / |
||
| 260 |
_aPerú : _bMercurio, _c1936. |
||
| 300 |
_a486 páginas ; _c20 cm. |
||
| 505 | _aContenido : Del principio y fin de la personalidad -- De la capacidad e incapacidad -- De la protección del nombre... | ||
| 650 |
_aDerecho. _9739 |
||
| 650 |
_aCódigo Proceso Civil. _94395 |
||
| 650 |
_aPersonas jurídicas _95350 |
||
| 942 |
_2ddc _cLIBROS |
||
| 945 | _arcc | ||